000
00330nam a22001457a 4500
008
240312b |||||||| |||| 00| 0 eng d
020
_a
9789385529283
040
_a
02
082
_a
615.004(SUB)
100
_a
SUBRAHMANYAM,CVS
245
_a
COMPUTER AIDED DRUG DEVELOPMENT
260
_b
VALLABH
300
_a
342
942
_c
01
999
_c
58586
_d
58586